250 cases in clinical medicine (Record no. 16628)
[ view plain ]
| 000 -LEADER | |
|---|---|
| fixed length control field | 00537nam a22001817a 4500 |
| 008 - FIXED-LENGTH DATA ELEMENTS--GENERAL INFORMATION | |
| fixed length control field | 180131b xxu||||| |||| 00| 0 eng d |
| 020 ## - INTERNATIONAL STANDARD BOOK NUMBER | |
| International Standard Book Number | 0702033865 |
| 040 ## - CATALOGING SOURCE | |
| Original cataloging agency | KABU |
| Transcribing agency | KABU |
| 050 ## - LIBRARY OF CONGRESS CALL NUMBER | |
| Classification number | RC66 |
| Item number | .R34 2012 c. 1 |
| 100 ## - MAIN ENTRY--PERSONAL NAME | |
| Personal name | Baliga, Ragavendra R. |
| 245 ## - TITLE STATEMENT | |
| Title | 250 cases in clinical medicine |
| 250 ## - EDITION STATEMENT | |
| Edition statement | 4th ed. |
| 260 ## - PUBLICATION, DISTRIBUTION, ETC. (IMPRINT) | |
| Place of publication, distribution, etc. | Edinburgh |
| Name of publisher, distributor, etc. | Saunders |
| Date of publication, distribution, etc. | 2012 |
| 300 ## - PHYSICAL DESCRIPTION | |
| Extent | xviii, 909 p. |
| 650 ## - SUBJECT ADDED ENTRY--TOPICAL TERM | |
| Topical term or geographic name as entry element | Clinical medicine |
| Form subdivision | Case studies |
| 650 ## - SUBJECT ADDED ENTRY--TOPICAL TERM | |
| Topical term or geographic name as entry element | Clinical medicine |
| Form subdivision | Problems, excercises, etc. |
| 942 ## - ADDED ENTRY ELEMENTS (KOHA) | |
| Source of classification or shelving scheme | Library of Congress Classification |
| Koha item type | General Collection |
| Edition | 4th ed. |
| Classification part | RC66 |
| Withdrawn status | Lost status | Source of classification or shelving scheme | Not for loan | Home library | Current library | Shelving location | Date acquired | Cost, normal purchase price | Total Checkouts | Total Renewals | Full call number | Barcode | Date last seen | Date last checked out | Copy number | Price effective from | Koha item type |
|---|---|---|---|---|---|---|---|---|---|---|---|---|---|---|---|---|---|
| Library of Congress Classification | Kabarak, Main Campus | Kabarak, Main Campus | General Stacks | 31/01/2018 | 2350.00 | 20 | 5 | RC66 .R34 2012 c. 1 | 027898 | 26/05/2026 | 15/05/2026 | c. 1 | 31/01/2018 | General Collection | |||
| Library of Congress Classification | Kabarak, Main Campus | Kabarak, Main Campus | General Stacks | 31/01/2018 | 2350.00 | 23 | 2 | RC66 .R34 2012 c. 2 | 027899 | 09/01/2026 | 15/05/2025 | c. 2 | 31/01/2018 | General Collection | |||
| Library of Congress Classification | Kabarak, Main Campus | Kabarak, Main Campus | General Stacks | 31/01/2018 | 2350.00 | 25 | 2 | RC66 .R34 2012 c. 3 | 029076 | 03/07/2023 | 19/06/2023 | c. 3 | 31/01/2018 | General Collection |